Sports Quiz

Random Sports or NFL Quiz
Score 0/15 Timer 05:00
1 Play Today
Hint Answer % Correct
Passing Yards (Week 5)Peyton Manning
99.1%
Passing Yards (Week 5)Eli Manning
99%
Passing Yards (Week 5)Tony Romo
97.8%
Passing Yards (Week 5)Philip Rivers
95.4%
Passing Yards (Week 5)Jay Cutler
93.1%
Rushing Yards (Week 5)Marshawn Lynch
90.4%
Rushing Yards (Week 5)Arian Foster
86.3%
Receiving Yards (Week 5)Dez Bryant
85.7%
Hint Answer % Correct
Rushing Yards (Week 5)Jamaal Charles
84.5%
Rushing Yards (Week 5)Russell Wilson
72.9%
Rushing Yards (Week 5)Eddie Lacy
72.3%
Receiving Yards (Week 5)T.Y. Hilton
67.9%
Receiving Yards (Week 5)Alshon Jeffery
56.8%
Receiving Yards (Week 5)Hakeem Nicks
56.4%
Receiving Yards (Week 5)Terrance Williams
44.1%
Remove Ads.
Support Sporcle.
Get the best of Sporcle when you Go Orange. This ad-free experience offers more features, more stats, and more fun while also helping to support Sporcle. Thank you for becoming a member.

You're not logged in!

Compare scores with friends on all Sporcle quizzes.
OR
Log In

Show Comments

Extras

Top Quizzes Today


Score Distribution

Your Account Isn't Verified!

In order to create a playlist on Sporcle, you need to verify the email address you used during registration. Go to your Sporcle Settings to finish the process.

Report this User

Report this user for behavior that violates our Community Guidelines.

Details: